| 000 | 00428nam a2200181Ia 4500 | ||
|---|---|---|---|
| 005 | 20240823021725.0 | ||
| 008 | 240823s9999||||xx |||||||||||||| ||und|| | ||
| 041 | _aENGLISH | ||
| 082 | _A519.5 L9 | ||
| 100 | _aGupta C B | ||
| 245 | 3 | _aAn Introduction to Statistical Methods | |
| 250 | _a8th | ||
| 260 |
_c1979 _b"Vikas,New Delhi" |
||
| 500 | _aYES | ||
| 650 |
_aStatistics _bMathematics |
||
| 942 | _cBK | ||
| 999 |
_c177605 _d177605 |
||